Administración del marketing: conocimiento y habilidades
Wedi'i Gadw mewn:
| Prif Awduron: | , |
|---|---|
| Fformat: | Llyfr |
| Iaith: | Sbaeneg |
| Cyhoeddwyd: |
Madrid
Irwin
1996
|
| Rhifyn: | 1a. ed |
| Pynciau: | |
| Tagiau: |
Ychwanegu Tag
Dim Tagiau, Byddwch y cyntaf i dagio'r cofnod hwn!
|
MARC
| LEADER | 00000cam a2200000 a 4500 | ||
|---|---|---|---|
| 001 | UCS1457 | ||
| 003 | CL-VaPUC | ||
| 008 | 970509e19960000SP |||||||||||||||||spa|d | ||
| 020 | |a 8480862599 | ||
| 082 | 0 | 4 | |a 658.8 |b PET |2 21 |
| 100 | 0 | |a Peter, J. Paul |e author |9 385926 | |
| 700 | 0 | |a Donnelly, James H |e author |9 385927 | |
| 245 | 1 | 0 | |a Administración del marketing: conocimiento y habilidades |
| 250 | |a 1a. ed | ||
| 300 | |a 890 p | ||
| 942 | |c BK | ||
| 945 | |d 19970509 00:00:00 |a amoreno | ||
| 260 | |a Madrid |b Irwin |c 1996 | ||
| 650 | 0 | |a Marketing |9 259324 | |
| 650 | 0 | |a Administración |9 259325 | |
| 650 | 7 | |a ESTRATEGIA |2 CL-VaPUC |9 332132 | |
| 650 | 7 | |a PLANIFICACION |2 CL-VaPUC |9 260802 | |
| 650 | 7 | |a MARKETING INTERNACIONAL |2 CL-VaPUC |9 385928 | |
| 650 | 0 | |a Mercados |9 338624 | |
| 583 | |a last modification |c 20161202 11:05:30 |k Rodrigo Vera | ||
| 999 | |c 259537 |d 259535 | ||
| 952 | |0 0 |1 0 |4 0 |6 658_800000000000000_PET_1996 |7 0 |8 A |9 284406 |a BIBENE |b BIBENE |d 2019-11-19 |i 3304035 |o 658.8 PET 1996 |p 3304035 |r 2025-01-15 |w 2019-11-19 |y BK |k ICO | ||
| 952 | |0 0 |1 0 |4 0 |6 658_800000000000000_PET_1996 |7 0 |8 A |9 284407 |a BIBENE |b BIBENE |d 2019-11-19 |i 3355861 |o 658.8 PET 1996 |p 3355861 |r 2025-01-15 |w 2019-11-19 |y BK |k ICO | ||